000 00293nam a2200109 4500
245 _aCaptains caurageous : a story of the Grand Banks
_cRudyard Kipling
100 _aKipling, Rudyard
260 _aLondon
_bMacmillan
_c1963
300 _a241p.; 20cm.
500 _a1865-1936
082 _a823.912
_bKIP
999 _c1076
_d1076